University Home | Library Home | Institutional Repository

Zambia analysis (Record no. 9492)

MARC details
000 -LEADER
fixed length control field 00455cas a2200145 4500
008 - FIXED-LENGTH DATA ELEMENTS--GENERAL INFORMATION
fixed length control field 130417n eng u
022 ## - INTERNATIONAL STANDARD SERIAL NUMBER
International Standard Serial Number 1992-9501
035 ## - SYSTEM CONTROL NUMBER
System control number (Sirsi) a178710
245 ## - TITLE STATEMENT
Title Zambia analysis
260 ## - PUBLICATION, DISTRIBUTION, ETC.
Place of publication, distribution, etc. Lusaka
Name of publisher, distributor, etc. Zambian analysis limited
310 ## - CURRENT PUBLICATION FREQUENCY
Current publication frequency Monthly
362 ## - DATES OF PUBLICATION AND/OR SEQUENTIAL DESIGNATION
Dates of publication and/or sequential designation iss. 1-4 2007
520 ## - SUMMARY, ETC.
Summary, etc. Magazine/reports on incisive probing of today's Zambia's pressing business, economic, and social issues
650 ## - SUBJECT ADDED ENTRY--TOPICAL TERM
Topical term or geographic name entry element Social-economic
Holdings
Withdrawn status Lost status Source of classification or shelving scheme Damaged status Not for loan Home library Current library Shelving location Total Checkouts Full call number Barcode Date last seen Copy number Price effective from Koha item type
    Library of Congress Classification     Main Library Main Library Serials   HC59.Z5 1992-9501 08/12/2019 1 08/12/2019 Periodical
© 2026 - The University of Zambia Library - Koha v25.11